000 00571nam a22001937a 4500
003 KOHA_MİRAKIL
005 20251118111420.0
008 251118b tu ||||| |||| 00| 0 tur d
020 _a9786057817594
040 _aTR-AnABB
_btur
_cTR-AnABB
041 _atur
082 _a813.42
_bESE 2023
100 1 _aEsendal, Memduh Şevket,
245 1 0 _aAyaşlı ile kiracıları /
_cMemduh Şevket Esendal
260 _aİstanbul :
_bTürk Edebiyat Vakfı Yayınları,
_c2023
300 _a232 sayfa ;
_c21 cm
650 0 4 _aTürk edebiyatı, roman
942 _2ddc
_cBK
999 _c9523
_d9523
900 _bGizem YORULMAZ